|
|
|
|
| LEADER |
00774cam a2200229 a 4500 |
| 001 |
0000069807 |
| 005 |
20031113090000.0 |
| 040 |
|
|
|a mod
|
| 041 |
|
|
|a eng
|
| 020 |
0 |
0 |
|a 061819312X
|
| 090 |
0 |
0 |
|a 959.7043
|b MCM
|e 2003
|
| 245 |
1 |
0 |
|a Major problems in the history of the Vietnam War
|b documents and essays
|c edited by Robert J. McMahon
|
| 250 |
0 |
0 |
|a 3rd ed.
|
| 260 |
0 |
0 |
|a Boston
|b Houghton Mifflin
|c 2003
|
| 300 |
0 |
0 |
|a xviii, 539 p.
|b map
|c 24 cm
|
| 440 |
0 |
0 |
|a Major problems in American history series
|
| 500 |
0 |
0 |
|a Includes bibliographical references
|
| 650 |
0 |
0 |
|a Vietnamese Conflict, 1961-1975
|
| 650 |
0 |
0 |
|a Vietnamese Conflict, 1961-1975
|x Sources
|
| 700 |
1 |
1 |
|a McMahon
|h Robert J.
|
| 852 |
0 |
0 |
|a 01
|
| 999 |
|
|
|a 0222710
|b KEMENTAH
|d BOOKS
|e Umum
|f Perpustakaan KEMENTAH
|j AVAILABLE
|q GOOD CONDITION
|